Mukhtār al-Qāmūs. (Record no. 48299)

MARC details
000 -LEADER
fixed length control field 00619cam a22002291 4500
001 - CONTROL NUMBER
control field ne 65001608
003 - CONTROL NUMBER IDENTIFIER
control field DLC
005 - DATE AND TIME OF LATEST TRANSACTION
control field 20260227111815.0
008 - FIXED-LENGTH DATA ELEMENTS--GENERAL INFORMATION
fixed length control field 890331s1964 xx d 000 0 ara
010 ## - LIBRARY OF CONGRESS CONTROL NUMBER
LC control number ne 65001608
035 ## - SYSTEM CONTROL NUMBER
System control number (OCoLC)23499118
040 ## - CATALOGING SOURCE
Original cataloging agency DLC
Transcribing agency MiU
Modifying agency DLC
050 00 - LIBRARY OF CONGRESS CALL NUMBER
Classification number PJ6620
Item number .F5 1964
100 1# - MAIN ENTRY--PERSONAL NAME
Personal name Fīrūzābādī, Muḥammad ibn Yaʻqūb,
Dates associated with a name 1329-1414 or 1415.
240 10 - UNIFORM TITLE
Uniform title Qamūs al-muhit.
245 10 - TITLE STATEMENT
Title Mukhtār al-Qāmūs.
260 ## - PUBLICATION, DISTRIBUTION, ETC.
Date of publication, distribution, etc. 1964.
300 ## - PHYSICAL DESCRIPTION
Extent 677 p.
Dimensions 24 cm.
500 ## - GENERAL NOTE
General note Romanized.
650 #0 - SUBJECT ADDED ENTRY--TOPICAL TERM
Topical term or geographic name entry element Arabic language
Form subdivision Dictionaries.
700 1# - ADDED ENTRY--PERSONAL NAME
Personal name Zāwī, Ṭāhir Aḥmad.

No items available.

Powered by Koha